00648nam a2200205 a 450000500170000000800410001701000130005802000250007103500130009603700150010904000180012408200060014210000160014824500980016426000290026227000720029130000340036365000290039770000160042620090905152050.0060731s1999 nyua b 000 0 eng d aB-357052 a9788126420124c60.00 aB-357052 bDBAD / PUB adplbEnglish  aS aJohn, Mini  aJungle tales the naughty cub & the old banyan tree /cby Mini John; illustrated by K.R. Raji  aKerala bDC Books c2008 aDC Kizhakemuri Deam,good Shepherd Street, Kottayam bKeralae686001 a29p.:c23cm(pbk) bcol. ill.  2Jungle animalsxFiction  aRaji, K.R.